MARC details
| 000 -LEADER |
| campo de control de longitud fija |
02845nam a2200445 i 4500 |
| 001 - NÚMERO DE CONTROL |
| campo de control |
194206 |
| 003 - IDENTIFICADOR DE NÚMERO DE CONTROL |
| campo de control |
SpMaBN |
| 005 - FECHA Y HORA DE LA ÚLTIMA TRANSACCIÓN |
| campo de control |
20250718042054.0 |
| 007 - CAMPO FIJO DE DESCRIPCIÓN FÍSICA--INFORMACIÓN GENERAL |
| campo de control de longitud fija |
ta |
| 008 - DATOS DE LONGITUD FIJA--INFORMACIÓN GENERAL |
| campo de control de longitud fija |
240418s2006 sp | ||| ||spa |
| 016 7# - NÚMERO DE CONTROL DE UNA AGENCIA BIBLIOGRÁFICA NACIONAL |
| Número de control del registro |
bimoBNE20061080065 |
| Fuente |
SpMaBN |
| 017 ## - NÚMERO DE COPYRIGHT O DE DEPÓSITO LEGAL |
| Número de copyright o de depósito legal |
SE 3114-2006 |
| Agencia que asigna |
Oficina Depósito Legal Sevilla |
| 020 ## - NÚMERO INTERNACIONAL ESTÁNDAR DEL LIBRO |
| Número Internacional Estándar del Libro |
8493245968 |
| 020 ## - NÚMERO INTERNACIONAL ESTÁNDAR DEL LIBRO |
| Número Internacional Estándar del Libro |
9788493245962 |
| 035 ## - NÚMERO DE CONTROL DEL SISTEMA |
| Número de control de sistema |
(OCoLC)71821140 |
| 035 ## - NÚMERO DE CONTROL DEL SISTEMA |
| Número de control de sistema |
Mimo0002143927 |
| 040 ## - FUENTE DE CATALOGACIÓN |
| Centro catalogador/agencia de origen |
SpMaBN |
| Lengua de catalogación |
spa |
| Centro/agencia transcriptor |
SpMaBN |
| Normas de descripción |
rdc |
| Centro/agencia modificador |
Es-MaACL |
| 080 ## - NÚMERO DE LA CLASIFICACIÓN DECIMAL UNIVERSAL |
| Número de la Clasificación Decimal Universal |
37(460)"18/..." |
| 080 ## - NÚMERO DE LA CLASIFICACIÓN DECIMAL UNIVERSAL |
| Número de la Clasificación Decimal Universal |
37.014(460)"1975/..." |
| 100 1# - ENTRADA PRINCIPAL--NOMBRE DE PERSONA |
| Nombre de persona |
Delibes Liniers, Alicia |
| Número de control del registro de autoridad o número normalizado |
XX1776833 |
| 9 (RLIN) |
235856 |
| 245 13 - MENCIÓN DEL TÍTULO |
| Título |
La gran estafa : |
| Resto del título |
el secuestro del sentido común en la educación / |
| Mención de responsabilidad, etc. |
Alicia Delibes Liniers. |
| 250 ## - MENCION DE EDICION |
| Mención de edición |
1ª ed. |
| 260 ## - PUBLICACIÓN, DISTRIBUCIÓN, ETC. |
| Lugar de publicación, distribución, etc. |
Madrid : |
| Nombre del editor, distribuidor, etc. |
Grupo Unisón Producciones, |
| Fecha de publicación, distribución, etc. |
2006. |
| 300 ## - DESCRIPCIÓN FÍSICA |
| Extensión |
172 p. ; |
| Dimensiones |
21 cm |
| 336 ## - TIPO DE CONTENIDO |
| Fuente |
rdacontent |
| Término de tipo de contenido |
texto |
| 337 ## - TIPO DE MEDIO |
| Fuente |
rdamedia |
| Nombre/término del tipo de medio |
sin mediación |
| 338 ## - TIPO DE SOPORTE |
| Fuente |
rdacarrier |
| Nombre/término del tipo de soporte |
volumen |
| 490 1# - MENCIÓN DE SERIE |
| Mención de serie |
Colección Ensayo |
| 504 ## - NOTA DE BIBLIOGRAFÍA, ETC. |
| Nota de bibliografía, etc. |
Bibliografía: p. [165]-167 |
| 520 ## - RESUMEN, ETC. |
| Sumario, etc. |
Hacer bien una división y un dictado era la condición sin la que un niño de diez años no podía empezar su bachillerato. Cuatro cursos escolares y un examen de reválida daban el título de Bachiller Elemental y otros dos cursos y una nueva reválida concedían el de Bachiller Superior. Para ir a la Universidad se exigía, además del Preuniversitario, un difícil examen de acceso.<br/><br/>Alicia Delibes Liniers se incorporó a la enseñanza en 1972 como profesora de matemáticas de enseñanza media; posteriormente dio clase en Alemania a hijos de emigrantes y en Luxemburgo a hijos de funcionarios comunitarios de distintas nacionalidades hasta 1994. A su vuelta, se incorporó a un instituto que había adelantado la reforma Logse: "Como ya expliqué, cuando comencé a escribir este libro resonaba en mi memoria la pregunta que se hace a sí mismo el personaje de Conversación en La Catedral: "¿En qué momento se había jodido el Perú?", y que, en mi caso, se refería a la educación y, especialmente, a la educación en España".<br/><br/>La historia de esa degradación viene de lejos, y merece la pena prestar atención a la serie de procesos que ha seguido la administración educativa española hasta llegar a la situación actual. |
| 650 #4 - PUNTO DE ACCESO ADICIONAL DE MATERIA--TÉRMINO DE MATERIA |
| Término de materia o nombre geográfico como elemento de entrada |
Enseñanza- |
| Subdivisión geográfica |
España- |
| Subdivisión cronológica |
S.XIX |
| 9 (RLIN) |
12286 |
| 651 #7 - PUNTO DE ACCESO ADICIONAL DE MATERIA--NOMBRE GEOGRÁFICO |
| Nombre geográfico |
España- |
| Subdivisión general |
Política educativa- |
| Subdivisión cronológica |
1975- |
| 9 (RLIN) |
146601 |
| 830 #0 - PUNTO DE ACCESO ADICIONAL DE SERIE-TÍTULO UNIFORME |
| Título uniforme |
Colección Ensayo (Grupo Unisón) |
| 9 (RLIN) |
235857 |
| 852 ## - LOCALIZACIÓN |
| Ubicación |
ES-MaACL |
| Ubicación en estantería |
Depósito J |
| Número de control de estantería |
N-9886 |
| Donativo/Legado |
Donación: Editorial |
| Sublocalización o colección |
R.155099 |
| itemnumber |
201741 |
| Encuadernación |
Encuadernación rústica |
| 942 ## - ELEMENTOS DE ENTRADA SECUNDARIOS (KOHA) |
| Suprimir en OPAC |
No |
| Tipo de ítem Koha |
Libro impreso |